000 00459nam a2200193Ia 4500
003 OSt
005 20251203102824.0
008 250729s1995 xx 000 0 und d
020 _c9788120700765,
040 _cAL
041 _aeng
082 _a371.4 BHAA
100 _aBhat Vijayashankar
_9225414
245 _aAfter s s l c and p u c what next?
260 _aBangalore
_c1995
300 _a54p
650 _aEducation
_9225415
942 _2ddc
_cBED
999 _c236899
_d236899